[Event "Kecskemet Caissa Rating 03"]
[Site "Kecskemet"]
[Date "2012.03.25"]
[Round "10"]
[White "Yazdani, Naser"]
[Black "Keresztes, Mark"]
[Result "0-1"]
[WhiteElo "1737"]
[BlackElo "2147"]
[PlyCount "72"]
[EventDate "2012.03.17"]
[EventType "tourn"]
[EventRounds "10"]
[EventCountry "HUN"]
[SourceTitle "EXT 2013"]
[Source "ChessBase"]
[SourceDate "2012.11.22"]
[SourceVersion "1"]
[SourceVersionDate "2012.11.22"]
[SourceQuality "1"]

1. e4 c6 2. Nf3 d5 3. Nc3 dxe4 4. Nxe4 Nf6 5. Ng3 e6 6. d4 Be7 7. Bd3 Nbd7 8. c3 0-0 9. Qc2 Qc7 10. Bg5 b6 11. h4 h6 12. 0-0-0 Re8 13. Bxf6 Bxf6 14. Ne4 Be7 15. Kb1 c5 16. dxc5 Nxc5 17. Bb5 Rf8 18. g4 Bb7 19. Ned2 Qf4 20. Be2 Rad8 21. Rhg1 Ne4 22. g5 hxg5 23. Bd3 Rxd3 24. Qxd3 Nxf2 25. Qd7 Be4+ 26. Nxe4 Qxe4+ 27. Ka1 Nxd1 28. Qxe7 Qxf3 29. Qxg5 g6 30. h5 Qe3 31. Qxe3 Nxe3 32. hxg6 f5 33. a4 f4 34. g7 Rf5 35. Rg6 f3 36. Rxe6 f2 0-1

[Event "Kecskemet Caissa Rating 03"]
[Site "Kecskemet"]
[Date "2012.03.20"]
[Round "5"]
[White "Keresztes, Mark"]
[Black "Yazdani, Naser"]
[Result "1-0"]
[WhiteElo "2147"]
[BlackElo "1737"]
[PlyCount "53"]
[EventDate "2012.03.17"]
[EventType "tourn"]
[EventRounds "10"]
[EventCountry "HUN"]
[SourceTitle "EXT 2013"]
[Source "ChessBase"]
[SourceDate "2012.11.22"]
[SourceVersion "1"]
[SourceVersionDate "2012.11.22"]
[SourceQuality "1"]

1. c4 Nf6 2. Nc3 g6 3. e4 d6 4. g3 Bg7 5. Bg2 e5 6. d3 0-0 7. Nge2 Nc6 8. 0-0 a5 9. h3 h6 10. Be3 Be6 11. Qd2 Kh7 12. f4 Qc8 13. Rf2 Nh5 14. f5 gxf5 15. exf5 Bd7 16. g4 Nf6 17. Raf1 Ne7 18. Ng3 Rg8 19. Nce4 Nxe4 20. Bxe4 f6 21. Rh2 Bc6 22. g5 hxg5 23. Qe2 Bxe4 24. Nxe4 Nxf5 25. Qh5+ Nh6 26. Nxf6+ Kh8 27. Qg6 1-0

[Event "Kecskemet Caissa Rating 03"]
[Site "Kecskemet"]
[Date "2012.03.18"]
[Round "2"]
[White "Allahverdi, Maryam"]
[Black "Yazdani, Naser"]
[Result "1/2-1/2"]
[WhiteElo "1859"]
[BlackElo "1737"]
[PlyCount "62"]
[EventDate "2012.03.17"]
[EventType "tourn"]
[EventRounds "10"]
[EventCountry "HUN"]
[SourceTitle "EXT 2013"]
[Source "ChessBase"]
[SourceDate "2012.11.22"]
[SourceVersion "1"]
[SourceVersionDate "2012.11.22"]
[SourceQuality "1"]

1. e4 Nf6 2. e5 Nd5 3. d4 d6 4. Nf3 dxe5 5. dxe5 e6 6. c4 Bb4+ 7. Bd2 Bxd2+ 8. Qxd2 Nb6 9. Qxd8+ Kxd8 10. Nc3 a6 11. Bd3 Ke7 12. 0-0 Rd8 13. Rad1 Nc6 14. b3 Bd7 15. Be4 Be8 16. c5 Nc8 17. Rxd8 Nxd8 18. Nd4 Na7 19. f4 Ndc6 20. Nf3 g6 21. Rd1 Rd8 22. Rxd8 Nxd8 23. Ng5 h6 24. Nh7 Bc6 25. Nf6 h5 26. Kf2 Bxe4 27. Ncxe4 Nac6 28. Ke3 Nb4 29. a4 Nd5+ 30. Nxd5+ exd5 31. Nf6 c6 1/2-1/2

[Event "Kecskemet Caissa Rating 03"]
[Site "Kecskemet"]
[Date "2012.03.17"]
[Round "1"]
[White "Yazdani, Naser"]
[Black "Szente Varga, Fruzsina"]
[Result "0-1"]
[WhiteElo "1737"]
[BlackElo "2001"]
[PlyCount "42"]
[EventDate "2012.03.17"]
[EventType "tourn"]
[EventRounds "10"]
[EventCountry "HUN"]
[SourceTitle "EXT 2013"]
[Source "ChessBase"]
[SourceDate "2012.11.22"]
[SourceVersion "1"]
[SourceVersionDate "2012.11.22"]
[SourceQuality "1"]

1. d4 d5 2. c4 e6 3. Nc3 c5 4. Nf3 cxd4 5. Nxd4 e5 6. Nf3 d4 7. Nd5 Nc6 8. Bg5 f6 9. Bh4 Be6 10. Qb3 Bxd5 11. cxd5 Qa5+ 12. Nd2 Nb4 13. Nc4 Nd3+ 14. Kd1 Qe1+ 15. Kc2 Nb4+ 16. Qxb4 Qxb4 17. e3 Rc8 18. b3 Qc3+ 19. Kb1 Rxc4 20. Bxc4 Ba3 21. Bb5+ Kf8 0-1

[Event "Kecskemet Caissa Rating 03"]
[Site "Kecskemet"]
[Date "2010.04.07"]
[Round "8"]
[White "Yazdani, Naser"]
[Black "Marosi, Csaba"]
[Result "1/2-1/2"]
[WhiteElo "1802"]
[BlackElo "2096"]
[PlyCount "98"]
[EventDate "2010.03.31"]
[EventType "tourn"]
[EventRounds "9"]
[EventCountry "HUN"]
[SourceTitle "EXT 2013"]
[Source "ChessBase"]
[SourceDate "2012.11.22"]
[SourceVersion "1"]
[SourceVersionDate "2012.11.22"]
[SourceQuality "1"]

1. Nf3 c5 2. c4 e6 3. g3 b6 4. Bg2 Bb7 5. 0-0 a6 6. Nc3 Qc7 7. e4 d6 8. Re1 Nd7 9. d3 Ngf6 10. Bf4 Be7 11. Qe2 0-0 12. Rac1 Rfd8 13. Ng5 h6 14. Nf3 Bc6 15. b3 Qb7 16. Rcd1 Nf8 17. d4 cxd4 18. Nxd4 e5 19. Nxc6 Qxc6 20. Be3 Ne6 21. Nd5 Qb7 22. Nxb6 Rab8 23. Nd5 Nxd5 24. Rxd5 Nc7 25. Rd3 a5 26. Qg4 Kf8 27. f4 Ne8 28. fxe5 dxe5 29. Rd5 Nf6 30. Rxd8+ Rxd8 31. Qf5 Qb4 32. Rf1 Qc3 33. Qf2 a4 34. Rc1 Qd3 35. Bc5 Nxe4 36. Bxe7+ Kxe7 37. Bxe4 Qxe4 38. Re1 Qd4 39. Qxd4 Rxd4 40. Rxe5+ Kd6 41. Re2 f5 42. Rc2 axb3 43. axb3 Kc5 44. Kf2 g5 45. Ke3 f4+ 46. gxf4 gxf4+ 47. Kf3 Rd3+ 48. Kxf4 Rxb3 49. h4 Rb6 1/2-1/2

[Event "Kecskemet Caissa Rating 03"]
[Site "Kecskemet"]
[Date "2010.04.05"]
[Round "5"]
[White "Yazdani, Naser"]
[Black "Allahverdi, Maryam"]
[Result "0-1"]
[WhiteElo "1802"]
[BlackElo "1884"]
[PlyCount "49"]
[EventDate "2010.03.31"]
[EventType "tourn"]
[EventRounds "9"]
[EventCountry "HUN"]
[SourceTitle "EXT 2013"]
[Source "ChessBase"]
[SourceDate "2012.11.22"]
[SourceVersion "1"]
[SourceVersionDate "2012.11.22"]
[SourceQuality "1"]

1. Nf3 Nf6 2. g3 d5 3. Bg2 g6 4. d4 Bg7 5. 0-0 0-0 6. Bg5 c6 7. c4 Nbd7 8. Nc3 dxc4 9. e4 Nb6 10. h3 Be6 11. Ne5 Qc8 12. Kh2 Rd8 13. Nf3 h6 14. Be3 Nbd7 15. Qc1 Kh7 16. a4 a6 17. Rd1 Nb8 18. Qc2 Bd7 19. Ne5 Be6 20. f4 Nbd7 21. f5 Nxe5 22. dxe5 Rxd1 23. Rxd1 gxf5 24. exf6 Bxf6 25. Rf1 0-1

[Event "Kecskemet Caissa Rating 03"]
[Site "Kecskemet"]
[Date "2010.03.31"]
[Round "1"]
[White "Yazdani, Naser"]
[Black "Lovas, Daniel"]
[Result "0-1"]
[WhiteElo "1802"]
[BlackElo "2127"]
[PlyCount "40"]
[EventDate "2010.03.31"]
[EventType "tourn"]
[EventRounds "9"]
[EventCountry "HUN"]
[SourceTitle "EXT 2013"]
[Source "ChessBase"]
[SourceDate "2012.11.22"]
[SourceVersion "1"]
[SourceVersionDate "2012.11.22"]
[SourceQuality "1"]

1. e4 e5 2. Nf3 Nc6 3. d4 exd4 4. Nxd4 Bc5 5. Nb3 Bb6 6. Nc3 d6 7. Nd5 Nf6 8. Bg5 Bxf2+ 9. Kxf2 Nxe4+ 10. Kg1 Nxg5 11. h4 Ne6 12. Bd3 Ne7 13. Nxe7 Qxe7 14. Qf3 c6 15. Re1 Bd7 16. Nd2 Qd8 17. Rh3 Qb6+ 18. Re3 0-0-0 19. Qxf7 Rhf8 20. Qh5 Nf4 0-1